000 00484nam a2200169Ia 4500
999 _c36743
_d36743
003 OSt
005 20210127093000.0
008 190216s9999||||xx |||||||||||||| ||und||
040 _coclc
082 _a530
_bSIN/U
100 _aSingh, N M
_98441
245 0 _aUGC- CSIR JRF / NET Physical Sciences /
_cN M Singh
260 _bDanika Publishing Company,
_c2005.
_aNew Delhi:
300 _a319p
650 _aPhysics
942 _cREF
_2ddc
_h530
_iSIN/U
_k530
_mSIN/U